| 000 | 00660nam a2200205 4500 | ||
|---|---|---|---|
| 001 | 135738 | ||
| 003 | ES-MaACL | ||
| 005 | 20230906194937.0 | ||
| 007 | t| | ||
| 008 | 070214s1915 sp r ||||1| spa d | ||
| 100 | 1 |
_aRouche, Eugene. _9100002 |
|
| 245 | 1 | 0 |
_aTratado de Geometría elemental / _cEugene Rouche, Charles de Comberousse ; traducción de A. Portuondo, J. Portuondo. |
| 250 | _a6ª. ed. | ||
| 260 |
_aMadrid : _b[s.n.], _c1915 ( _fSuc. Hernando) |
||
| 300 |
_aXXVII, 449 p., 12 lám. ; _c24 cm. |
||
| 700 | 1 |
_aComberousse, Charles de. _939967 |
|
| 700 | 1 |
_aPortuondo, J. _993301 |
|
| 700 | 1 |
_aPortuondo, A. _993299 |
|
| 852 |
_aES-MaACL _jF-4215 |
||
| 999 |
_c135738 _d135738 |
||